| 000 | 00513nam a2200193Ia 4500 | ||
|---|---|---|---|
| 005 | 20250508165648.0 | ||
| 008 | 008 250505s9999 xx 000 0 eng d | ||
| 037 | _aTextual | ||
| 040 |
_aFEDL _beng _cFEDL |
||
| 041 |
_aeng _2eng |
||
| 084 |
_a510.7, OWE _qFEDL |
||
| 100 |
_aOwens Adrian _9781543 |
||
| 245 | 0 | _aIntroductory technology | |
| 260 |
_aLondon, UK _bVSO Publishers _c1990 |
||
| 300 | _aviii,135p. | ||
| 365 |
_aGBP _b9.5 |
||
| 942 |
_cTEXL _h510.7, OWE |
||
| 999 |
_c1396591 _d1396591 |
||